banner-ar

كتابك الاول عن : العرائس / (Record no. 29071)

MARC details
000 -الفاتح
حقل البيانات ثابتة الطول 00755nam a2200241Ia 4500
008 - عناصر البيانات ثابتة الطول - معلومات عامة
حقل البيانات ثابتة الطول 140319s9999 xx 000 0 ara d
020 ## - الرقم الدولى المعيارى للكتب
الرقم الدولى المعيارى للكتاب 1416002977
040 ## - مصدر الفهرسة
وكالة الفهرسة الأصلية GCL /
وكالة النسخ GCL
082 04 - رقم تصنيف ديوى العشرى
رقم التصنيف ط
رقم المادة 001.2
-- د ك
100 1# - المدخل الرئيسى - إسم شخصى
الإسم الشخصى راجى عنايت
245 10 - بيان العنوان
العنوان كتابك الاول عن : العرائس /
بيان المسئوليه,etc راجى عنايت
700 1# - المدخل الاضافى - اسم شخصى
الإسم الشخصى محمد صابر سليم
700 1# - المدخل الاضافى - اسم شخصى
الإسم الشخصى جاجندورف ، موريتز
250 ## - بيان الطبعة
بيان الطبعة الثالثة
260 ## - PUBLICATION, DISTRIBUTION, ETC. (IMPRINT)
تاريخ النشر أو التوزيع 1993
300 ## - الوصف المادى
التعداد 66 ص ؛
أبعاد الوعاء 24 ص
490 ## - بيان السلسلة
عنوان السلسلة كتابك الاول عن
رقم المجلد/ التعيين التسلسلي 13
650 04 - المدخل الاضافى بالموضوع-مصطلح موضوعى
مصطلح موضوعي لعب الاطفال
650 04 - المدخل الاضافى بالموضوع-مصطلح موضوعى
مصطلح موضوعي الدمى - ملابس
650 04 - المدخل الاضافى بالموضوع-مصطلح موضوعى
مصطلح موضوعي لعب الاطفال - تصميم
942 ## - عناصر المدخل الإضافي( كوها)
مصدر التصنيف او مخطط الترفيف Dewey Decimal Classification
Koha [default] item type كتاب
260 ## - PUBLICATION, DISTRIBUTION, ETC. (IMPRINT)
-- القاهرة :
-- دار المعارف ،
Holdings
حالة التراجع حالة الفقد حالة تلف ليس للاعارة المكان المؤقت الموقع الحالى تاريخ الاكتساب اجمالي اﻻعارات رقم الطلب الباركود تاريخ اخر مشاهدة تاريخ تفعيل السعر نوع وعاء كوها
        مكتبة القاهرة الكبرى مكتبة القاهرة الكبرى 03/26/2014   ط\001.2\د ك 66432 03/26/2014 03/26/2014 كتاب
        مكتبة القاهرة الكبرى مكتبة القاهرة الكبرى 03/26/2014   ط\001.2\د ك 66433 03/26/2014 03/26/2014 كتاب
        مكتبة القاهرة الكبرى مكتبة القاهرة الكبرى 03/26/2014   ط\001.2\د ك 66434 03/26/2014 03/26/2014 كتاب
        مكتبة القاهرة الكبرى مكتبة القاهرة الكبرى 03/26/2014   ط\001.2\د ك 66435 03/26/2014 03/26/2014 كتاب

Powered By

EGPV